000
00287nam a22001337a 4500
008
170602b xxu||||| |||| 00| 0 eng d
020
_a
0231047576
041
_a
eng
080
_2
2ND
_a
94
100
_a
17
101
_a
SHH
245
_a
HOW NATIONS BEHAVE
_c
HENKIN,L
942
_2
udc
_c
BK
999
_c
15589
_d
15589